[Event "DLM 2011"]
[Site "Xanten GER"]
[Date "2011.11.02"]
[Round "5"]
[White "Schulz, Jens"]
[Black "Hirschberg, Valerian"]
[Result "1-0"]
[Termination "normal"]
[Board "1.1"]
[WhiteElo "2186"]
[BlackElo "2225"]
[WhiteTeam "Niedersachsen"]
[BlackTeam "Baden"]
[PlyCount "57"]
[WhiteFideId "24675687"]
[BlackFideId "24628492"]
[EventCountry "GER"]
[EventRounds "7"]
[EventType "team-swiss"]
[EventDate "2011.10.30"]

1. e4 c5 2. Nf3 Nc6 3. d4 cxd4 4. Nxd4 Nf6 5. Nc3 e5 6. Ndb5 d6 7. Bg5 a6 8.
Na3 b5 9. Bxf6 gxf6 10. Nd5 f5 11. c3 Bg7 12. Bd3 Be6 13. Nxb5 axb5 14. Bxb5
Bd7 15. exf5 O-O 16. O-O Rc8 17. Qa4 f6 18. Qe4 Kh8 19. a4 Nb8 20. b4 Bh6 21.
Bxd7 Nxd7 22. a5 Rf7 23. Ra3 Rg7 24. Rfa1 Qg8 25. h3 Qd8 26. a6 Rg8 27. a7 Ra8
28. Ra6 Bf8 29. Nc7 1-0

[Event "DLM 2011"]
[Site "Xanten GER"]
[Date "2011.11.02"]
[Round "5"]
[White "Haag, Gregor"]
[Black "Kyas, Philipp"]
[Result "0-1"]
[Termination "normal"]
[Board "1.2"]
[WhiteElo "2065"]
[BlackElo "2100"]
[WhiteTeam "Baden"]
[BlackTeam "Niedersachsen"]
[PlyCount "60"]
[WhiteFideId "24680931"]
[BlackFideId "24670936"]
[EventCountry "GER"]
[EventRounds "7"]
[EventType "team-swiss"]
[EventDate "2011.10.30"]

1. Nf3 Nf6 2. d4 e6 3. c4 b6 4. g3 Ba6 5. Qa4 Bb7 6. Bg2 c5 7. dxc5 bxc5 8. O-O
Be7 9. Nc3 Qb6 10. Rd1 O-O 11. Qc2 Nc6 12. Be3 Rfd8 13. a3 Ng4 14. Bf4 d6 15.
h3 Nf6 16. Be3 Na5 17. Nd2 Bxg2 18. Kxg2 Rab8 19. b4 Qc6+ 20. Kg1 cxb4 21. axb4
Nxc4 22. Nxc4 Qxc4 23. Rxa7 Nd5 24. Rd4 Qxc3 25. Qxc3 Nxc3 26. Rc4 Nd5 27. Bd2
Bf8 28. e4 Nf6 29. f3 d5 30. exd5 Rxd5 0-1

[Event "DLM 2011"]
[Site "Xanten GER"]
[Date "2011.11.02"]
[Round "5"]
[White "Schreiner, Till"]
[Black "Noe, Christopher"]
[Result "1-0"]
[Termination "normal"]
[Board "1.3"]
[WhiteElo "2150"]
[BlackElo "2067"]
[WhiteTeam "Niedersachsen"]
[BlackTeam "Baden"]
[PlyCount "85"]
[WhiteFideId "24675555"]
[BlackFideId "24692018"]
[EventCountry "GER"]
[EventRounds "7"]
[EventType "team-swiss"]
[EventDate "2011.10.30"]

1. d4 Nf6 2. c4 g6 3. Nc3 Bg7 4. Nf3 O-O 5. g3 d6 6. Bg2 Nbd7 7. O-O e5 8. e4
c6 9. h3 Re8 10. d5 c5 11. a3 a6 12. Nd2 Rb8 13. b4 b5 14. cxb5 axb5 15. Nb3
Qc7 16. Bd2 Rb6 17. Qe2 Ba6 18. Rfc1 Rc8 19. Be3 Kh8 20. h4 Qd8 21. Na5 Nb8 22.
Nd1 Bf8 23. Nb2 Rc7 24. Nd3 Nfd7 25. Bh3 Be7 26. Rc2 Bc8 27. Bxd7 Nxd7 28. Nc6
Rbxc6 29. dxc6 Rxc6 30. bxc5 dxc5 31. Nb4 Rd6 32. Nd5 Bf8 33. Bxc5 Nxc5 34.
Rxc5 Rd7 35. Rc3 Bb7 36. Qxb5 Bxd5 37. exd5 Rxd5 38. Qb7 Kg7 39. Rc7 Rd3 40.
Rxf7+ Kg8 41. Rc1 Rxg3+ 42. fxg3 Qd4+ 43. Rf2 1-0

[Event "DLM 2011"]
[Site "Xanten GER"]
[Date "2011.11.02"]
[Round "5"]
[White "Frey, Alisa"]
[Black "Koop, Thorben"]
[Result "1/2-1/2"]
[Termination "normal"]
[Board "1.4"]
[WhiteElo "2104"]
[BlackElo "2098"]
[WhiteTeam "Baden"]
[BlackTeam "Niedersachsen"]
[PlyCount "31"]
[WhiteFideId "24634662"]
[BlackFideId "24661619"]
[EventCountry "GER"]
[EventRounds "7"]
[EventType "team-swiss"]
[EventDate "2011.10.30"]

1. e4 c5 2. Nf3 Nc6 3. d4 cxd4 4. Nxd4 e5 5. Nb5 d6 6. N1c3 a6 7. Na3 Be6 8.
Nc4 Rb8 9. Ne3 Nf6 10. g3 h5 11. Bg2 h4 12. O-O Be7 13. Ncd5 Qd7 14. Nb6 Qd8
15. Nbd5 Qd7 16. Nb6 1/2-1/2

[Event "DLM 2011"]
[Site "Xanten GER"]
[Date "2011.11.02"]
[Round "5"]
[White "Kickert, Germaine Helene"]
[Black "Töws, Manuel"]
[Result "1-0"]
[Termination "normal"]
[Board "1.5"]
[WhiteElo "1998"]
[BlackElo "1988"]
[WhiteTeam "Niedersachsen"]
[BlackTeam "Baden"]
[PlyCount "93"]
[WhiteFideId "24614890"]
[BlackFideId "24654485"]
[EventCountry "GER"]
[EventRounds "7"]
[EventType "team-swiss"]
[EventDate "2011.10.30"]

1. e4 c5 2. Nf3 d6 3. d4 cxd4 4. Nxd4 Nf6 5. Nc3 a6 6. Be3 e5 7. Nf3 Qc7 8. a4
Be7 9. a5 Nbd7 10. Nd5 Nxd5 11. exd5 O-O 12. g4 f5 13. gxf5 Nc5 14. Bh3 Bxf5
15. Bxf5 Rxf5 16. Rg1 Raf8 17. Nd2 Bh4 18. Rg2 Qf7 19. Qe2 Qxd5 20. Qc4 Qxc4
21. Nxc4 Ne4 22. O-O-O Bxf2 23. Bh6 R8f6 24. Rxg7+ Kh8 25. Rg4 Rxh6 26. Rxe4
Bc5 27. Re2 Rf4 28. Nxe5 dxe5 29. Rxe5 Bd6 30. Re8+ Rf8 31. Rxd6 Rxd6 32. Rxf8+
Kg7 33. Rb8 Rd7 34. b4 Kg6 35. Kb2 Kg5 36. Kc3 Kh4 37. Kc4 Kh3 38. Kc5 Kxh2 39.
Kb6 h5 40. Rh8 Rd5 41. c4 Rg5 42. Kxb7 Kg3 43. Kxa6 h4 44. c5 h3 45. c6 h2 46.
Rxh2 Kxh2 47. c7 1-0

[Event "DLM 2011"]
[Site "Xanten GER"]
[Date "2011.11.02"]
[Round "5"]
[White "Kühnel, Lena"]
[Black "Rethmann, Kristin"]
[Result "1/2-1/2"]
[Termination "normal"]
[Board "1.6"]
[WhiteElo "1902"]
[BlackElo "1820"]
[WhiteTeam "Baden"]
[BlackTeam "Niedersachsen"]
[PlyCount "63"]
[WhiteFideId "24640956"]
[BlackFideId "24655805"]
[EventCountry "GER"]
[EventRounds "7"]
[EventType "team-swiss"]
[EventDate "2011.10.30"]

1. e4 Nf6 2. e5 Nd5 3. d4 d6 4. Nf3 dxe5 5. Nxe5 c6 6. Bd3 Nd7 7. O-O Nxe5 8.
dxe5 g6 9. Qe2 Bg7 10. f4 Qc7 11. Nd2 O-O 12. Ne4 Bf5 13. Kh1 Rad8 14. Bd2 c5
15. c4 Nb4 16. Bxb4 cxb4 17. Rad1 Rd4 18. b3 Rfd8 19. Bc2 Bxe4 20. Bxe4 Rxd1
21. Rxd1 Rxd1+ 22. Qxd1 b6 23. Qd5 e6 24. Qd4 Bf8 25. g3 Qc5 26. Qxc5 Bxc5 27.
Kg2 h5 28. Kf3 a5 29. Bc6 Kg7 30. Bd7 Bd4 31. h4 Kf8 32. Bc6 1/2-1/2

[Event "DLM 2011"]
[Site "Xanten GER"]
[Date "2011.11.02"]
[Round "5"]
[White "Sieber, Fiona"]
[Black "Riehle, Marco"]
[Result "1/2-1/2"]
[Termination "normal"]
[Board "1.7"]
[WhiteElo "1720"]
[BlackElo "1753"]
[WhiteTeam "Niedersachsen"]
[BlackTeam "Baden"]
[PlyCount "116"]
[WhiteFideId "12902373"]
[BlackFideId "12904392"]
[EventCountry "GER"]
[EventRounds "7"]
[EventType "team-swiss"]
[EventDate "2011.10.30"]

1. e4 d5 2. exd5 Qxd5 3. Nc3 Qd6 4. d4 c6 5. Nf3 Nf6 6. Be3 Bf5 7. Bc4 Nbd7 8.
Qd2 Nb6 9. Bb3 Nbd5 10. Nxd5 Nxd5 11. c4 Nxe3 12. fxe3 O-O-O 13. O-O e6 14. Qa5
Kb8 15. Ne5 Bg6 16. Nxf7 Bxf7 17. Rxf7 Be7 18. c5 Qd7 19. Raf1 Rhg8 20. Qe1 h5
21. Qg3+ Ka8 22. Qh3 Rge8 23. Bxe6 Qc7 24. Rxg7 a6 25. Rff7 Qa5 26. Bc4 Rf8 27.
Qg3 h4 28. Qf2 h3 29. Qg3 Qb4 30. b3 Qc3 31. Bf1 Bf6 32. Rxf8 Rxf8 33. Rg8 Rxg8
34. Qxg8+ Ka7 35. Qe6 Bg5 36. Kf2 Qd2+ 37. Be2 hxg2 38. Qg4 g1=Q+ 39. Kxg1
Bxe3+ 40. Kf1 Bxd4 41. h4 Bxc5 42. Qg5 Qc3 43. Kg2 Qd4 44. Qg3 Qd2 45. Qe5 Bd4
46. Qe4 c5 47. a4 Qh6 48. Bf3 Qg7+ 49. Kh3 Qd7+ 50. Bg4 Qf7 51. Qf3 Qg8 52. Qg3
Qd5 53. Qf3 Qd6 54. Bc8 Qc7 55. Bg4 Be5 56. Bf5 Qb6 57. Qd5 Bc7 58. Be4 Qb4
1/2-1/2

[Event "DLM 2011"]
[Site "Xanten GER"]
[Date "2011.11.02"]
[Round "5"]
[White "Wiesner, Paula"]
[Black "Rätzke von Stoventin, Steffen"]
[Result "0-1"]
[Termination "normal"]
[Board "1.8"]
[WhiteElo "1780"]
[BlackElo "1712"]
[WhiteTeam "Baden"]
[BlackTeam "Niedersachsen"]
[PlyCount "118"]
[WhiteFideId "24654019"]
[BlackFideId "1270499"]
[EventCountry "GER"]
[EventRounds "7"]
[EventType "team-swiss"]
[EventDate "2011.10.30"]

1. e4 e5 2. Nf3 Nc6 3. Bb5 Nf6 4. O-O Nxe4 5. Re1 Nd6 6. Bxc6 dxc6 7. Rxe5+ Be7
8. Qe2 Bg4 9. d3 Bxf3 10. Qxf3 O-O 11. Nc3 Bf6 12. Re2 Qd7 13. Bf4 Nf5 14. Qg4
Rad8 15. Rae1 Nd4 16. Qh5 Nxe2+ 17. Rxe2 g6 18. Qh6 Qg4 19. h3 Qh4 20. Ne4 Qxh6
21. Nxf6+ Kg7 22. Bxh6+ Kxh6 23. g4 Kg7 24. g5 h6 25. h4 Rd4 26. Ne8+ Kh8 27.
gxh6 Rxh4 28. Nxc7 Rxh6 29. Ne8 g5 30. Re7 Re6 31. Rxe6 fxe6 32. Nd6 b6 33. Kg2
Kg7 34. Kg3 Rf4 35. Ne4 Kg6 36. b3 a6 37. a3 Rh4 38. f3 Rh1 39. Kg4 Rh2 40. c4
Ra2 41. c5 b5 42. b4 Rxa3 43. Nxg5 a5 44. bxa5 Ra4+ 45. f4 e5 46. Ne4 exf4 47.
Kxf4 b4 48. Ke3 Rxa5 49. Kd2 Ra2+ 50. Kc1 Kf5 51. Nd6+ Ke5 52. Nb7 Kd4 53. Kb1
Rh2 54. Na5 Kxc5 55. Nb3+ Kd5 56. Kc1 c5 57. Kb1 c4 58. dxc4+ Kxc4 59. Na5+ Kc3
0-1

[Event "DLM 2011"]
[Site "Xanten GER"]
[Date "2011.11.02"]
[Round "5"]
[White "Savchenko, Aleksij"]
[Black "Dann, Matthias"]
[Result "0-1"]
[Termination "normal"]
[Board "2.1"]
[BlackTitle "FM"]
[WhiteElo "2251"]
[BlackElo "2379"]
[WhiteTeam "Nordrhein-Westfalen 1"]
[BlackTeam "Rheinland-Pfalz"]
[PlyCount "148"]
[WhiteFideId "24611727"]
[BlackFideId "24638056"]
[EventCountry "GER"]
[EventRounds "7"]
[EventType "team-swiss"]
[EventDate "2011.10.30"]

1. e4 e6 2. d4 d5 3. Nd2 Nc6 4. Ngf3 Nf6 5. e5 Nd7 6. c3 f6 7. exf6 Qxf6 8. Be2
Bd6 9. Nf1 O-O 10. Bg5 Qg6 11. Bd3 Qh5 12. h4 e5 13. Nxe5 Qxd1+ 14. Rxd1 Ndxe5
15. dxe5 Nxe5 16. Be2 c6 17. Be3 b5 18. Bd4 a5 19. Nd2 Bf5 20. Nf3 Ng6 21. Be3
Nf4 22. Bf1 Bg4 23. Rd4 Nxg2+ 24. Bxg2 Bxf3 25. Bxf3 Rxf3 26. Rg1 a4 27. Rdg4
Rf7 28. Bd4 Re8+ 29. Kd1 Ree7 30. h5 Bf4 31. b3 axb3 32. axb3 Bh6 33. R1g3 Re6
34. f4 Kf8 35. Be5 c5 36. Kc2 c4 37. bxc4 bxc4 38. Rg1 Rf5 39. Rh4 Kf7 40. Rd1
Bg5 41. Rg4 Rexe5 42. fxe5 Rxe5 43. Rg3 h6 44. Kb2 Bf6 45. Rh1 Ke6 46. Ka3 Kd6
47. Rgh3 Kc6 48. R1h2 Re8 49. Rd2 Rb8 50. Ka2 Rb3 51. Rb2 Rxc3 52. Rxc3 Bxc3
53. Rg2 Bf6 54. Kb1 d4 55. Kc2 Kd5 56. Kd2 Bg5+ 57. Kc2 Ke4 58. Rg4+ Ke3 59.
Rg3+ Ke2 60. Rg2+ Kf3 61. Rg1 Kf2 62. Rg4 Ke3 63. Rg3+ Ke4 64. Rg4+ Bf4 65.
Rxg7 d3+ 66. Kd1 c3 67. Rg2 Kf5 68. Ra2 Kg4 69. Rd2 c2+ 70. Rxc2 dxc2+ 71. Kxc2
Kxh5 72. Kd3 Kg4 73. Ke2 Kg3 74. Kf1 Be3 0-1

[Event "DLM 2011"]
[Site "Xanten GER"]
[Date "2011.11.02"]
[Round "5"]
[White "Grünter, Martin"]
[Black "Kahleys, Kevin"]
[Result "1/2-1/2"]
[Termination "normal"]
[Board "2.2"]
[WhiteElo "2242"]
[BlackElo "2157"]
[WhiteTeam "Rheinland-Pfalz"]
[BlackTeam "Nordrhein-Westfalen 1"]
[PlyCount "113"]
[WhiteFideId "24640352"]
[BlackFideId "24669601"]
[EventCountry "GER"]
[EventRounds "7"]
[EventType "team-swiss"]
[EventDate "2011.10.30"]

1. e4 c5 2. c3 Nf6 3. e5 Nd5 4. d4 cxd4 5. Nf3 e6 6. cxd4 b6 7. Nc3 Nxc3 8.
bxc3 Qc7 9. Bd2 Bb7 10. Bd3 d6 11. O-O Nd7 12. Re1 dxe5 13. Nxe5 Nxe5 14. Rxe5
Bd6 15. Rh5 g6 16. Bb5+ Bc6 17. Qf3 Rc8 18. Bxc6+ Qxc6 19. Qf6 gxh5 20. Qxh8+
Ke7 21. Qxh7 Qd5 22. h4 Qf5 23. Qxf5 exf5 24. Kf1 Ke6 25. Ke2 Rc4 26. Kd3 Ra4
27. Kc2 b5 28. Kb3 Ra3+ 29. Kb2 Ra4 30. Re1+ Kd7 31. Kb3 Ra3+ 32. Kb2 Ra4 33.
g3 f6 34. Kb3 Ra3+ 35. Kb2 Ra4 36. Re3 Bf8 37. Rf3 Ke6 38. Bf4 Rc4 39. Re3+ Kd7
40. Kb3 a5 41. Re2 a4+ 42. Kb2 Be7 43. Bd2 Rc6 44. Kc2 Re6 45. Rxe6 Kxe6 46.
Kd3 Kd5 47. Bf4 Bd8 48. Bb8 Be7 49. Bc7 Kc6 50. Ba5 Kd5 51. Bb4 Bd8 52. Bf8 Bc7
53. Be7 Ke6 54. Bb4 Kd5 55. Ke3 f4+ 56. Kf3 f5 57. a3 1/2-1/2

[Event "DLM 2011"]
[Site "Xanten GER"]
[Date "2011.11.02"]
[Round "5"]
[White "Tran, Duc Cuong"]
[Black "Carow, Johannes"]
[Result "1/2-1/2"]
[Termination "normal"]
[Board "2.3"]
[WhiteElo "2034"]
[BlackElo "2172"]
[WhiteTeam "Nordrhein-Westfalen 1"]
[BlackTeam "Rheinland-Pfalz"]
[PlyCount "67"]
[WhiteFideId "24689718"]
[BlackFideId "24692050"]
[EventCountry "GER"]
[EventRounds "7"]
[EventType "team-swiss"]
[EventDate "2011.10.30"]

1. Nf3 c5 2. g3 Nc6 3. d4 cxd4 4. Nxd4 g6 5. Nxc6 bxc6 6. Bg2 Bg7 7. O-O Nf6 8.
c4 O-O 9. Nc3 Rb8 10. Qc2 Qb6 11. b3 d6 12. Bb2 c5 13. Rad1 Bb7 14. Rfe1 Bxg2
15. Kxg2 a5 16. e4 Nd7 17. Nd5 Qd8 18. Bxg7 Kxg7 19. a4 Ne5 20. Nc3 Nc6 21. Nb5
Qb6 22. h4 Nd4 23. Qc3 e5 24. h5 f5 25. Rh1 g5 26. h6+ Kh8 27. Rh5 Qd8 28. Qd3
f4 29. Nxd4 cxd4 30. Qf3 fxg3 31. Qxg3 g4 32. Rd3 Rf4 33. Rxd4 Qb6 34. Rd3
1/2-1/2

[Event "DLM 2011"]
[Site "Xanten GER"]
[Date "2011.11.02"]
[Round "5"]
[White "Meyers, Mark"]
[Black "Bauer, Björn-Benny"]
[Result "1-0"]
[Termination "normal"]
[Board "2.5"]
[BlackTitle "Nr6"]
[WhiteElo "1808"]
[BlackElo "1922"]
[WhiteTeam "Nordrhein-Westfalen 1"]
[BlackTeam "Rheinland-Pfalz"]
[PlyCount "83"]
[WhiteFideId "12927716"]
[BlackFideId "24698741"]
[EventCountry "GER"]
[EventRounds "7"]
[EventType "team-swiss"]
[EventDate "2011.10.30"]

1. Nf3 Nf6 2. g3 c5 3. c4 Nc6 4. Bg2 e5 5. d3 g6 6. Nc3 Bg7 7. Rb1 d6 8. a3 a5
9. Nd2 Be6 10. Nd5 O-O 11. O-O Rb8 12. b3 Ne7 13. Nxf6+ Bxf6 14. Ne4 Bg7 15. f4
f5 16. Ng5 Bd7 17. b4 h6 18. Nf3 axb4 19. axb4 cxb4 20. Rxb4 Nc6 21. Rb1 Be6
22. Be3 Kh7 23. Rb5 Qe7 24. fxe5 Nxe5 25. Nxe5 Bxe5 26. Ba7 Rbc8 27. Rxb7 Rc7
28. Rxc7 Qxc7 29. Be3 Bg7 30. Qc2 Rb8 31. Rb1 Rxb1+ 32. Qxb1 Qa5 33. Kf2 f4 34.
Bxf4 Bd4+ 35. Be3 Qf5+ 36. Bf3 Bxe3+ 37. Kxe3 Bxc4 38. Qb7+ Bf7 39. Kf2 Kg7 40.
Qe7 g5 41. Qxd6 g4 42. Qd4+ 1-0

[Event "DLM 2011"]
[Site "Xanten GER"]
[Date "2011.11.02"]
[Round "5"]
[White "Schwarz, Larissa"]
[Black "Kuckling, Hannah"]
[Result "1-0"]
[Termination "normal"]
[Board "2.6"]
[WhiteElo "1807"]
[BlackElo "1782"]
[WhiteTeam "Rheinland-Pfalz"]
[BlackTeam "Nordrhein-Westfalen 1"]
[PlyCount "147"]
[WhiteFideId "24699004"]
[BlackFideId "24603660"]
[EventCountry "GER"]
[EventRounds "7"]
[EventType "team-swiss"]
[EventDate "2011.10.30"]

1. e4 Nf6 2. e5 Nd5 3. d4 d6 4. c4 Nb6 5. exd6 cxd6 6. Nf3 g6 7. Be2 Bg7 8. O-O
Nc6 9. Be3 Bg4 10. Nbd2 O-O 11. Rc1 Rc8 12. b3 d5 13. c5 Nd7 14. Re1 Nf6 15.
Ne5 Bxe2 16. Qxe2 Qc7 17. Ndf3 Ne4 18. Nd3 Qa5 19. Nfe5 Rfe8 20. f3 Nf6 21. b4
Qa4 22. Qc2 Qxc2 23. Rxc2 a6 24. a4 Red8 25. b5 axb5 26. axb5 Nxe5 27. Nxe5 Nd7
28. Nxd7 Rxd7 29. c6 bxc6 30. bxc6 Rdc7 31. Rb1 Bf6 32. Rbc1 e6 33. Kf1 Bd8 34.
Bf4 Ra7 35. c7 Bxc7 36. Rxc7 Rcxc7 37. Rxc7 Rxc7 38. Bxc7 Kf8 39. Ke2 Ke7 40.
Ke3 f6 41. g4 g5 42. Bg3 Kf7 43. f4 Kg6 44. h4 gxf4+ 45. Kxf4 h5 46. Bf2 hxg4
47. Kxg4 Kh6 48. Be3+ Kg6 49. Bf4 Kg7 50. Kh5 Kh7 51. Bc7 Kg7 52. Kg4 Kg6 53.
h5+ Kh6 54. Bf4+ Kh7 55. Bg3 Kh6 56. Bh4 f5+ 57. Kf4 Kxh5 58. Be1 Kg6 59. Bd2
Kf7 60. Ke5 Ke7 61. Bf4 Kf7 62. Kd6 Kf6 63. Be5+ Kf7 64. Kd7 f4 65. Bxf4 Kf6
66. Be5+ Kf7 67. Kd6 Kf8 68. Kxe6 Ke8 69. Kxd5 Kd7 70. Bd6 Kd8 71. Ke6 Ke8 72.
Bc7 Kf8 73. d5 Ke8 74. d6 1-0

[Event "DLM 2011"]
[Site "Xanten GER"]
[Date "2011.11.02"]
[Round "5"]
[White "Sanati, Charlotte"]
[Black "Sherif, Amina"]
[Result "0-1"]
[Termination "normal"]
[Board "2.8"]
[WhiteElo "1421"]
[BlackElo "1509"]
[WhiteTeam "Rheinland-Pfalz"]
[BlackTeam "Nordrhein-Westfalen 1"]
[PlyCount "48"]
[WhiteFideId "12907707"]
[BlackFideId "12911690"]
[EventCountry "GER"]
[EventRounds "7"]
[EventType "team-swiss"]
[EventDate "2011.10.30"]

1. e4 e5 2. Nf3 Nf6 3. Nxe5 d6 4. Nf3 Nxe4 5. d4 d5 6. Bd3 Nc6 7. O-O Be7 8. c4
Nb4 9. Bf4 Nxd3 10. Qxd3 Bf5 11. Qb3 dxc4 12. Qxc4 Bd6 13. Be3 O-O 14. Nc3 h6
15. Rfd1 Qe7 16. h3 Rab8 17. a4 a6 18. Re1 Rfe8 19. a5 Qf6 20. Rad1 Nxc3 21.
bxc3 Bxh3 22. gxh3 Qxf3 23. Qf1 Re6 24. Bf4 Qxf4 0-1

[Event "DLM 2011"]
[Site "Xanten GER"]
[Date "2011.11.02"]
[Round "5"]
[White "Krassowizkij, Jaroslaw"]
[Black "Bräuer, Franz"]
[Result "1/2-1/2"]
[Termination "normal"]
[Board "3.1"]
[WhiteTitle "FM"]
[WhiteElo "2357"]
[BlackElo "2172"]
[WhiteTeam "Württemberg"]
[BlackTeam "Thüringen"]
[PlyCount "47"]
[WhiteFideId "1271703"]
[BlackFideId "24634468"]
[EventCountry "GER"]
[EventRounds "7"]
[EventType "team-swiss"]
[EventDate "2011.10.30"]

1. d4 Nf6 2. Bg5 e6 3. e3 c5 4. c3 Be7 5. Nd2 d5 6. Bd3 Nc6 7. Ngf3 cxd4 8.
exd4 a6 9. O-O O-O 10. Qe2 Bd7 11. Rfe1 b5 12. b4 Na7 13. Ne5 Nc8 14. Qf3 Nd6
15. Qh3 g6 16. Qh4 Re8 17. Nb3 Nfe4 18. Bxe7 Qxe7 19. Qxe7 Rxe7 20. Nc5 Bc8 21.
Bxe4 Nxe4 22. Nxe4 dxe4 23. Rxe4 Rc7 24. Re3 1/2-1/2

[Event "DLM 2011"]
[Site "Xanten GER"]
[Date "2011.11.02"]
[Round "5"]
[White "Kvetny, Mark"]
[Black "Urban, Lars"]
[Result "1-0"]
[Termination "normal"]
[Board "3.3"]
[WhiteElo "2125"]
[BlackElo "1970"]
[WhiteTeam "Württemberg"]
[BlackTeam "Thüringen"]
[PlyCount "91"]
[WhiteFideId "24603929"]
[BlackFideId "4644034"]
[EventCountry "GER"]
[EventRounds "7"]
[EventType "team-swiss"]
[EventDate "2011.10.30"]

1. d4 Nf6 2. c4 e6 3. Nc3 d5 4. cxd5 exd5 5. Bg5 Nbd7 6. e3 Bb4 7. Bd3 Bxc3+ 8.
bxc3 c5 9. Ne2 Qa5 10. O-O O-O 11. Qc2 Re8 12. Rab1 c4 13. Bf5 Ne4 14. Bf4 g6
15. Bxd7 Bxd7 16. f3 Nf6 17. Rxb7 Bc8 18. Rb4 Bf5 19. Qb2 Bd3 20. Re1 Nh5 21.
Bh6 Qd8 22. Nf4 Nxf4 23. Bxf4 Re6 24. Rb5 Rb6 25. a4 Qd7 26. Ra1 Qc6 27. Qb4
Rc8 28. Ra2 Bf5 29. Rxb6 Qxb6 30. Qxb6 axb6 31. Rb2 Ra8 32. Rxb6 Rxa4 33. Be5
Ra8 34. Rd6 f6 35. Bxf6 Kf7 36. Be5 Ra3 37. Rxd5 Rxc3 $11 38. e4 Be6 39. Rc5
Rc1+ 40. Kf2 Ke7 41. d5 Bd7 42. Bd4 c3 43. Rxc3 Rxc3 44. Bxc3 Kd6 45. Bb4+ Ke5
46. Ke3 1-0

[Event "DLM 2011"]
[Site "Xanten GER"]
[Date "2011.11.02"]
[Round "5"]
[White "Hoffmann, Tim"]
[Black "Gibicar, Danijel"]
[Result "1/2-1/2"]
[Termination "normal"]
[Board "3.4"]
[WhiteElo "1881"]
[BlackElo "2061"]
[WhiteTeam "Thüringen"]
[BlackTeam "Württemberg"]
[PlyCount "68"]
[WhiteFideId "12900338"]
[BlackFideId "24660256"]
[EventCountry "GER"]
[EventRounds "7"]
[EventType "team-swiss"]
[EventDate "2011.10.30"]

1. e4 e6 2. d4 d5 3. Nd2 Nf6 4. e5 Nfd7 5. Bd3 c5 6. c3 Nc6 7. Ne2 cxd4 8. cxd4
f6 9. exf6 Nxf6 10. Nf3 Bd6 11. Bf4 Qa5+ 12. Qd2 Qxd2+ 13. Bxd2 O-O 14. O-O Bd7
15. Rac1 Rae8 16. Bc3 Ng4 17. Ng3 e5 18. dxe5 Ngxe5 19. Nxe5 Nxe5 20. Bc2 Nc6
21. Bb3 Be6 22. Rcd1 Rd8 23. Rfe1 Bxg3 24. hxg3 Bf7 25. Bd4 Rfe8 26. Rxe8+ Rxe8
27. Ba4 Re2 28. Bc3 Re4 29. Bc2 Re8 30. Ba4 $11 Rd8 31. Bxc6 bxc6 32. Bd4 Rd7
33. Rc1 Rc7 34. b4 a6 1/2-1/2

[Event "DLM 2011"]
[Site "Xanten GER"]
[Date "2011.11.02"]
[Round "5"]
[White "Schäfer, Daniela"]
[Black "Nguyen, Huy Dat"]
[Result "1/2-1/2"]
[Termination "normal"]
[Board "3.5"]
[WhiteElo "1927"]
[BlackElo "1733"]
[WhiteTeam "Württemberg"]
[BlackTeam "Thüringen"]
[PlyCount "58"]
[WhiteFideId "4624769"]
[BlackFideId "12923486"]
[EventCountry "GER"]
[EventRounds "7"]
[EventType "team-swiss"]
[EventDate "2011.10.30"]

1. e4 c5 2. Nf3 Nc6 3. Bb5 g6 4. O-O Bg7 5. c3 Nf6 6. Re1 O-O 7. h3 d5 8. e5
Ne8 9. d4 cxd4 10. cxd4 Nc7 11. Ba4 Bf5 12. Nc3 Rb8 13. Nh4 Be6 14. a3 b5 15.
Bc2 a5 16. Bf4 b4 17. axb4 axb4 18. Na4 Nb5 19. Be3 b3 20. Bxb3 Nbxd4 21. Bxd4
Nxd4 22. Qxd4 Rxb3 23. Nc5 Rb6 24. Nxe6 fxe6 25. g3 Qb8 26. Re2 Rc8 27. Nf3 Rc4
28. Qd2 Rb3 29. Kg2 Rcb4 1/2-1/2

[Event "DLM 2011"]
[Site "Xanten GER"]
[Date "2011.11.02"]
[Round "5"]
[White "Rausch, Adrian"]
[Black "Michels, Kim"]
[Result "1-0"]
[Termination "normal"]
[Board "3.7"]
[WhiteElo "1667"]
[BlackElo "1646"]
[WhiteTeam "Württemberg"]
[BlackTeam "Thüringen"]
[PlyCount "49"]
[WhiteFideId "12929069"]
[BlackFideId "24690066"]
[EventCountry "GER"]
[EventRounds "7"]
[EventType "team-swiss"]
[EventDate "2011.10.30"]

1. d4 f5 2. Bg5 g6 3. h4 Nf6 4. Bxf6 exf6 5. e3 d5 6. c4 dxc4 7. Bxc4 c6 8. h5
Bh6 9. g3 Na6 10. Qb3 Qe7 11. hxg6 hxg6 12. Ne2 Qb4+ 13. Nbc3 Qxb3 14. Bxb3 Nc7
15. O-O-O Bd7 16. Nf4 g5 17. Ng6 Rh7 18. Rh5 O-O-O 19. Rdh1 Be8 20. Rxh6 Rxh6
21. Rxh6 Kd7 22. Rh7+ Kd6 23. Ne7 Bd7 24. g4 fxg4 25. Ne4# 1-0

[Event "DLM 2011"]
[Site "Xanten GER"]
[Date "2011.11.02"]
[Round "5"]
[White "Allin, Katharina"]
[Black "Lederer, Leia"]
[Result "1-0"]
[Termination "normal"]
[Board "3.8"]
[WhiteElo "1284"]
[BlackElo "1160"]
[WhiteTeam "Thüringen"]
[BlackTeam "Württemberg"]
[PlyCount "89"]
[WhiteFideId "12903779"]
[BlackFideId "12926353"]
[EventCountry "GER"]
[EventRounds "7"]
[EventType "team-swiss"]
[EventDate "2011.10.30"]

1. e4 c5 2. Nf3 Nc6 3. d4 cxd4 4. Nxd4 Nf6 5. Nc3 d6 6. f3 g6 7. Be3 Bg7 8. Be2
O-O 9. O-O Qb6 10. Rb1 Nh5 11. Na4 Qd8 12. Nxc6 bxc6 13. c4 e5 14. Qd2 a5 15.
Nc3 Be6 16. Rbd1 Qf6 17. Bg5 Bh6 18. Bxh6 Rfe8 19. Bg5 Qg7 20. Qxd6 h6 21. Be3
Qf6 22. Qxc6 Nf4 23. Bxf4 exf4 24. Qa4 Qg5 25. Rf2 h5 26. Nd5 Reb8 27. Nc7 Rb4
28. Nxe6 fxe6 29. Qc6 Rf8 30. Qxe6+ Rf7 31. c5 Rxb2 32. Bc4 Rbb7 33. Qc8+ Kg7
34. Bxf7 Rxf7 35. Rd7 Rxd7 36. Qxd7+ Kh6 37. c6 Qc5 38. c7 Qc1+ 39. Rf1 Qc5+
40. Kh1 Qc4 41. Rg1 Qxa2 42. c8=Q Qb2 43. Qf8+ Kg5 44. Qde7+ Qf6 45. Qexf6# 1-0

[Event "DLM 2011"]
[Site "Xanten GER"]
[Date "2011.11.02"]
[Round "5"]
[White "Weber, Max"]
[Black "Colpe, Malte"]
[Result "1/2-1/2"]
[Termination "normal"]
[Board "4.1"]
[WhiteElo "2026"]
[BlackElo "2245"]
[WhiteTeam "Mecklenburg-Vorpommern"]
[BlackTeam "Hamburg"]
[PlyCount "53"]
[WhiteFideId "4624831"]
[BlackFideId "24623075"]
[EventCountry "GER"]
[EventRounds "7"]
[EventType "team-swiss"]
[EventDate "2011.10.30"]

1. d4 Nf6 2. c4 g6 3. g3 Bg7 4. Bg2 O-O 5. Nf3 d6 6. Nc3 Nc6 7. O-O a6 8. Qd3
e5 9. dxe5 dxe5 10. Qxd8 Rxd8 11. Bg5 Re8 12. Nd2 Nd4 13. e3 Ne6 14. Bxf6 Bxf6
15. Rad1 Kg7 16. b4 Bd8 17. a3 a5 18. Ra1 f5 19. c5 e4 20. Nd5 Nf8 21. Nc4 Be6
22. Rad1 axb4 23. axb4 Ra4 24. Nb2 Ra2 25. Nc4 Ra4 26. Nb2 Ra2 27. Nc4 1/2-1/2

[Event "DLM 2011"]
[Site "Xanten GER"]
[Date "2011.11.02"]
[Round "5"]
[White "Stanau, Guido"]
[Black "Schreiber, Kevin"]
[Result "1-0"]
[Termination "normal"]
[Board "4.2"]
[WhiteElo "2035"]
[BlackElo "1819"]
[WhiteTeam "Hamburg"]
[BlackTeam "Mecklenburg-Vorpommern"]
[PlyCount "49"]
[WhiteFideId "24692255"]
[BlackFideId "24655830"]
[EventCountry "GER"]
[EventRounds "7"]
[EventType "team-swiss"]
[EventDate "2011.10.30"]

1. e4 c5 2. Nf3 e6 3. c3 d6 4. d4 cxd4 5. cxd4 Nf6 6. Nc3 Be7 7. Bd3 a6 8. Bg5
h6 9. Bxf6 Bxf6 10. e5 Be7 11. exd6 Bxd6 12. O-O O-O 13. Qe2 Nd7 14. Rfe1 Nf6
15. Ne5 b5 16. Rad1 Bb7 17. Bb1 Qc7 18. Qc2 Rac8 19. Ng4 Rfd8 20. Nxf6+ gxf6
21. Qh7+ Kf8 22. Be4 Bxh2+ 23. Kh1 Bd6 24. Bxb7 Qxb7 25. Rxe6 1-0